000 00685nam a22002297a 4500
003 UA-OsUOA
001 67710
007 ta
008 20100309b un ||||| |||| 00| 0 ukr d
100 _aГончар І.А.
700 _aЛакштанов С.О.
090 _a330(477)
_bГ65
942 _cSA
040 _aUA-OsUOA
_bukr
_cUA-OsUOA
_dUA-OsUOA
245 _aСтатистичний аналіз інфляцієутворюючих факторів в Україні
300 _aС.31-35
955 _a0
041 _aukr
080 _a330(477)
773 0 _w67708
_tСтатистика України
_dК.
_d2009
_g4
650 7 _a330 Економіка взагалі
_2UDC
999 _c353846
_d353846